000
00300nam a22001337a 4500
003
SGT
082
_a
615.1
_b
KUM
100
_a
KUMAR, DILIP
245
_a
A TEXTBOOK OF INDUSTRIAL PHARMACY-I
260
_a
INDIA
_b
BIRLA PUB.
_c
2024
300
_a
64
650
_a
INDUSTRIAL PHARMACY
942
_2
ddc
_c
BK
999
_c
33050
_d
33050